000 02145nam a2200325 i 4500
001 196163
003 ES-MaACL
005 20250708182617.0
008 240816s2022 sp | |||| 000 spa
015 _aMON23
017 _aMA 1738-2022
_bOficina Depósito Legal Málaga
020 _a9788412634440
035 _a(SpMaBN)a7367765
035 _a991052288399708606
040 _aSpMaBN
_bspa
_cSpMaBN
_erda
100 _aOlivero Palomeque, José
_eaut
_9240195
245 _aLa vida hace historia :
_bDónde estamos, hacia dónde vamos /
_cJosé Olivero Palomeque
260 _aEspaña :
_bEdiciones Algorfa,
_c2022.
300 _a283 pág. :
_c23 cm.
336 _aTexto
_2rdacontent
337 _asin mediación
_2rdamedia
338 _avolumen
_2rdacarrier
520 _aA todo ese torrente de podredumbre, se une el avance de ideologías negativistas, xenófobas o dictatoriales, marca- das por los fundamentalismos políticos, religiosos y eco- nómicos, que hunden a esta humanidad en un pozo cada vez más negro. Es cierto que se amenaza de manera continuada con la utilización de armas nucleares en las guerras actuales, lo que conduciría a un verdadero apocalipsis. Las noticias no paran de informar de muertes y más muertes violentas en muchos lugares del mundo. Pero también hay lugar para la esperanza en el esfuerzo de quienes aportan otro tipo de alternativas buscando la paz y el acercamiento que reduzca las desigualdades en este mundo globalizado; porque, a pesar de esta presión arte- rial tan confusa, entiendo que hay que seguir alimentan- do esa esperanza por otro mundo, aquel que todos deseamos, trabajando día a día por lograrlo ¿Dónde pues se puede apoyar ese espíritu de esperanza?
852 _aES-MaACL
_cDEPOJ
_jN-9231
_hDonación: José Olivero Palomeque
_xEncuadernación rústica con solapas
_9205193
903 _aOlivero Palomeque, José
_ednr
942 _cMONOGRAFIA
_n0
999 _c196163
_d196163